Reorganizing data and voice networks : communications resourcing for corporate networks (Record no. 8143)
[ view plain ]
| 000 -LEADER | |
|---|---|
| fixed length control field | 00642 a2200169 4500 |
| 020 ## - INTERNATIONAL STANDARD BOOK NUMBER | |
| International Standard Book Number | 1596930403 (alk. paper) |
| 040 ## - CATALOGING SOURCE | |
| Original cataloging agency | DLC |
| Language of cataloging | DLC |
| 100 1# - MAIN ENTRY--PERSONAL NAME | |
| Personal name | Koehler, Thomas R. |
| 245 10 - TITLE STATEMENT | |
| Title | Reorganizing data and voice networks : communications resourcing for corporate networks |
| Remainder of title | communications resourcing for corporate networks |
| Statement of responsibility, etc. | Thomas R. Koehler. |
| 260 ## - PUBLICATION, DISTRIBUTION, ETC. | |
| Place of publication, distribution, etc. | Boston : |
| Name of publisher, distributor, etc. | Artech House, |
| Date of publication, distribution, etc. | 2004. |
| 300 ## - PHYSICAL DESCRIPTION | |
| Extent | 221 p. : |
| Other physical details | ill. ; |
| Dimensions | 24 cm. |
| 650 #0 - SUBJECT ADDED ENTRY--TOPICAL TERM | |
| Topical term or geographic name entry element | Telecommunication systems. |
| 650 #0 - SUBJECT ADDED ENTRY--TOPICAL TERM | |
| Topical term or geographic name entry element | Convergence (Telecommunication) |
| 650 #0 - SUBJECT ADDED ENTRY--TOPICAL TERM | |
| Topical term or geographic name entry element | Business enterprises |
| General subdivision | Computer networks. |
| 740 0# - ADDED ENTRY--UNCONTROLLED RELATED/ANALYTICAL TITLE | |
| Uncontrolled related/analytical title | Netzwerk-Konsolidierung. |
| 942 ## - ADDED ENTRY ELEMENTS (KOHA) | |
| Koha item type | Book |
| Call number prefix | 621.382 KOE |
| Source of classification or shelving scheme | |
| Withdrawn status | Lost status | Damaged status | Not for loan | Collection code | Permanent Location | Current Location | Shelving location | Date acquired | Source of acquisition | Cost, normal purchase price | Total Checkouts | Full call number | Barcode | Date last seen | Price effective from | Koha item type |
|---|---|---|---|---|---|---|---|---|---|---|---|---|---|---|---|---|
| Central Library (CL) | Central Library (CL) | General Stacks | 09/24/2007 | A & J Def Tek Concultants | 6084.28 | 621.382 KOE | SEECS008617 | 11/14/2012 | 01/05/2017 | Book | ||||||
| Central Library (CL) | Central Library (CL) | General Stacks | 03/30/2006 | A&J DEF Tek Consultant | 5027.26 | 621.382 KOE | SEECS007189 | 11/14/2012 | 01/05/2017 | Book |
